Statistics for World Cities With Four Letters

Click here to take the quiz!

General Stats

  • This quiz has been taken 72 times
    (41 since last reset)
  • The average score is 18 of 55

Answer Stats

PopulationCountryCity% Correct
10,950,000PeruLima
92%
1,635,000FranceLyon
92%
3,930,000ItalyRome
92%
2,800,000UkraineKiev
88%
2,725,000AzerbaijanBaku
80%
970,000FranceNice
80%
990,000NorwayOslo
80%
610,000LatviaRiga
80%
1,620,000QatarDoha
72%
16,985,000*JapanKobe
68%
640,000Palestinian TerritoriesGaza
60%
1,735,000TogoLome
60%
655,000South SudanJuba
56%
3,680,000NigeriaKano
52%
6,150,000ChinaXi'an
52%
1,990,000IndiaAgra
48%
2,115,000*GermanyBonn
48%
2,455,000ColombiaCali
48%
2,580,000PhilippinesCebu
48%
695,000PolandLodz
40%
5,785,000IndiaPune
40%
730,000UkraineLviv
36%
1,155,000RussiaOmsk
36%
910,000YemenAden
28%
970,000RussiaPerm
28%
3,670,000ChinaWuxi
28%
1,580,000ChinaCixi
24%
750,000JapanFuji
20%
1,705,000SyriaHoms
20%
1,595,000MexicoLeon
20%
725,000TunisiaSfax
20%
1,670,000ChinaZibo
20%
1,055,000IndiaKota
16%
510,000*FranceLens
12%
1,155,000JapanNaha
12%
590,000EgyptSuez
12%
1,525,000ChinaWuhu
12%
735,000*Burkina FasoBobo
8%
775,000Saudi ArabiaTaif
8%
605,000Saudi ArabiaTaif
8%
515,000RussiaTula
8%
1,770,000ChinaYiwu
8%
515,000IndiaGaya
4%
870,000Congo (Dem. Rep.)Goma
4%
745,000MalaysiaIpoh
4%
525,000IranArak
0%
1,255,000*IndiaDurg
0%
590,000*BrazilGama
0%
600,000ChinaHeze
0%
565,000ChinaJixi
0%
2,090,000*NigeriaMayi
0%
650,000JapanMito
0%
730,000JapanOtsu
0%
560,000TurkeyUrfa
0%
640,000IranYazd
0%

Score Distribution

Percentile by Number Answered

Percent of People with Each Score

Your Score History

You have not taken this quiz since the last reset